00710cam a2200193 4500008004100000020001500041035001200056050002100068100004600089245006800135260004100203300002900244440003000273500011300303506002000416650002800436650002700464650002500491050203t20022002sp a 000 0 spa u a8441318387 aa44346500aN5330 bW56 20021 aWinckelmann, Johann Joachim, d1717-1768.10aHistoria del arte en la antigüedad / cJohann J. Winckelmann. aBarcelona, España :bFolio, c2002 a285 p. :bils. ;c19 cm. 0aBiblioteca de filosofía aTraducción de : Geschichte der Kunst des Altertums (1764). Anmerkungen über die Baukunst Alten (1762). aRec. prop. esc.10aArte antiguo xHistoria20aArte griego xHistoria30aArquitectura antigua